000 00493cam a22001577a 4500
008 180718b1961 xxu||||| |||| 00| 0 eng d
082 _aA6x43 G555/1
245 _aEastern Germany: vol.1; Law - a handbook
_cedited by Goettingen Research Committee
260 _aWuerzburg
_bHolzner
_c1961
300 _a120p.
440 _abibl.
500 _aRs.25.20
650 _aLaw - Germany (Democratic Republic)
650 _aGermany(Democracy Republic)
700 _aGoettingen Research Committee, ed.
999 _c366621
_d366621